| 000 | 01434naa a22002897a 4500 | ||
|---|---|---|---|
| 001 | BR9506402 | ||
| 003 | BR-BrBNA | ||
| 005 | 20240918181331.0 | ||
| 007 | ta | ||
| 008 | 230509b bl.||||| |||| 00| 0 por d | ||
| 040 |
_aBR-BrBNA _bpor _cBiblioteca Nacional de Agricultura |
||
| 041 | _a(En) | ||
| 072 | _aP40 | ||
| 090 | _aP40 BR9506402 | ||
| 100 | 1 | _aLeal Filho, W. | |
| 111 | 1 |
_aConferencia Internacional sobre Impactos de Variacoes Climaticas e Desenvolvimento Sustentavel em Regioes Semi-Aridas _cFortaleza, CE (Brazil) _d27 Jan - 1 Feb 1992 |
|
| 245 | 1 | _aAnthropic action as a factor of climatic changes in north-east Brazil, west and eastern Africa: the need for awareness-rainsing initiatives | |
| 260 | 3 |
_aFortaleza, CE (Brasil): _c1992. |
|
| 500 | _aMagalhaes, A.R.(ed.) Anais da Conferencia Internacional sobre Impactos de Variacoes Climaticas e Desenvolvimento Sustentavel em Regioes Semi-Aridas Fortaleza, CE (Brasil): 1992. v. 3 p. 741-755 (BR9506402-AM)P40 | ||
| 650 | _aClima | ||
| 650 | _aVariacao Climatica | ||
| 650 | _aMeio Ambiente | ||
| 650 | _aDegradacao | ||
| 773 | 0 |
_tAnais da Conferencia Internacional sobre Impactos de Variacoes Climaticas e Desenvolvimento Sustentavel em Regioes Semi-Aridas _aMagalhaes, A.R.(ed.). Governo do Estado do Ceara, Fortaleza (Brasil) _wP40 BR9506402 _gFortaleza, CE (Brasil), 1992. v. 3 p. 741-755 |
|
| 909 |
_a202404 _bLucia _c55 _dLucia Elande |
||
| 942 |
_cAM _2AGRIS |
||
| 999 |
_c324810 _d324810 |
||